| 000 | 00706nam a2200217 a 4500 | ||
|---|---|---|---|
| 005 | 20240924071001.0 | ||
| 008 | 020509s1996 mx r 000 0 spa d | ||
| 020 | _a9800109668 | ||
| 035 | _aUPN01000117245 | ||
| 049 | _aCG | ||
| 050 | 4 |
_aBJ1463 _bH3.78 1996 |
|
| 100 | 1 |
_aHeidegger, Martin, _d1889-1976 |
|
| 245 | 1 | 0 |
_aSchelling y la libertad humana / _cMartin Heidegger ; tr. Alberto Rosales. |
| 250 | _a2a ed. | ||
| 260 |
_aCaracas : _bMonte Avila, _c1996. |
||
| 300 | _a263, [3] p. | ||
| 534 |
_pTraducción de: _tSchellings Abhandlung Über das Wesen der menschlichen Freiheit. |
||
| 610 | 2 | 4 |
_aSCHELLING, FRIEDRICH WILHEIM JOSEPH VON, _d1775-1859. |
| 650 | 7 |
_aLibertad _2 _95326 |
|
| 905 | _aLibro | ||
| 999 |
_c89788 _d89788 |
||